Siedem sakramentów - Statystyki

Ogólne statystyki
  • Ten quiz został rozwiązany 335 razy
  • Średni wynik to 6 z 7
Statystyki odpowiedzi
Sakrament % Poprawnych
chrzest
97%
bierzmowanie
95%
Eucharystia / Komunia Święta
93%
małżeństwo
92%
święcenia / kapłaństwo
84%
pokuta / spowiedź / sakrament pokuty i pojednania
78%
namaszczenie chorych
73%
Nie znaleziono quizów pasujących do podanych kryteriów
Rozkład punktacji
Procent ludzi z każdym wynikiem
Percentyl według liczby udzielonych odpowiedzi
Twoja historia wyników
Nie rozwiązałeś tego quizu